Estadísticas para Resultados de la Copa Mundial de Fútbol de 2014

Haz click aquí para tomar la prueba!

Estadísticas generales

  • Esta prueba ha sido tomada 81 veces
  • La puntuación promedio es 27 de 32

Estadísticas de respuestas

Nation % Correcto
Brasil
100%
Argentina
100%
Alemania
98%
Países Bajos
98%
España
98%
Colombia
96%
México
96%
Uruguay
96%
Chile
94%
Australia
94%
Nigeria
92%
Estados Unidos
92%
Costa Rica
90%
Inglaterra
90%
Italia
88%
Portugal
86%
Suiza
86%
Francia
86%
Croacia
86%
Japón
84%
Bélgica
84%
Camerún
80%
Corea del Sur
74%
Irán
72%
Grecia
72%
Bosnia y Herzegovina
70%
Ghana
70%
Argelia
66%
Costa de Marfil
64%
Honduras
64%
Rusia
58%
Ecuador
56%

Distribución de puntuación

Porcentaje por número respondido

Porcentaje de gente con cada puntuación

Historial de tus puntuaciones

No has tomado esta prueba